000
00263nam a2200109Ia 4500
008
190912s9999||||xx |||||||||||||| ||und||
100
_a
Ira Pohl
245
0
_a
Object Oriented Programming Using C++
260
_a
USA
_b
McGraw Hill
_c
2000
300
_a
543
942
_c
BK
999
_c
7461
_d
7461